| 000 | 00735nam a2200277Ia 4500 | ||
|---|---|---|---|
| 003 | OSt | ||
| 005 | 20220912150657.0 | ||
| 006 | a|||||r|||| 00| 0 | ||
| 007 | ta | ||
| 008 | 220909b |||||||| |||| 00| 0 eng d | ||
| 024 | _a40157 | ||
| 037 | _cTextual | ||
| 040 |
_aCSL _beng _cCSL |
||
| 041 | _aeng | ||
| 082 | _aB281, L0 | ||
| 100 | _aHodges J L | ||
| 245 | 0 | _aBasic conepts of probability and statistics | |
| 250 | _a2nd | ||
| 260 |
_aCambridge _bHolden Day _c1970 |
||
| 300 |
_axiii, 441p. _ccm. |
||
| 490 | _aHolden-day series in probability and statistics | ||
| 650 | _aProbability | ||
| 700 | _a Lehman E L | ||
| 942 |
_hB281, L0 _cTEXL _2CC |
||
| 999 |
_c52358 _d52358 |
||